HB OF ANATOMY (Record no. 734)

MARC details
000 -LEADER
fixed length control field 00294nam a2200133Ia 4500
008 - FIXED-LENGTH DATA ELEMENTS--GENERAL INFORMATION
fixed length control field 150201s2009 xx 000 0 und d
082 ## - DEWEY DECIMAL CLASSIFICATION NUMBER
Classification number 611
Item number A09P
100 ## - MAIN ENTRY--PERSONAL NAME
Personal name PANDA,UN
245 ## - TITLE STATEMENT
Title HB OF ANATOMY
250 ## - EDITION STATEMENT
Edition statement 2ND
260 ## - PUBLICATION, DISTRIBUTION, ETC. (IMPRINT)
Name of publisher, distributor, etc. AITBS
Place of publication, distribution, etc. DELHI
Date of publication, distribution, etc. 2009
650 ## - SUBJECT ADDED ENTRY--TOPICAL TERM
Topical term or geographic name as entry element HUMAN ANATOMY
942 ## - ADDED ENTRY ELEMENTS (KOHA)
Source of classification or shelving scheme Dewey Decimal Classification
Koha item type Books
Holdings
Withdrawn status Lost status Source of classification or shelving scheme Damaged status Not for loan Collection code Home library Current library Shelving location Date acquired Source of acquisition Cost, normal purchase price SGTU Bill Number Total Checkouts Full call number Barcode Date last seen Bill Date Koha item type
    Dewey Decimal Classification     MEDICAL SGT Medical Library SGT Medical Library Text Book 26/02/2010 U.B.S. DELHI 110.00 SGTU 993   611 A09P FM3223 09/02/2015 26/02/2010 Books
    Dewey Decimal Classification     MEDICAL SGT Medical Library SGT Medical Library Text Book 26/02/2010 U.B.S. DELHI 110.00 SGTU 993   611 A09P FM3224 09/02/2015 26/02/2010 Books
    Dewey Decimal Classification     MEDICAL SGT Medical Library SGT Medical Library Text Book 26/02/2010 U.B.S. DELHI 110.00 SGTU 993   611 A09P FM3225 09/02/2015 26/02/2010 Books